Popularne zagraniczne piosenki w Polsce. 19-25.02 Spotify - Statystyki

Ogólne statystyki
  • Ten quiz został rozwiązany 5 razy
  • Średni wynik to 10 z 30
Statystyki odpowiedzi
Wykonawca Odsłuchania Utwór % Poprawnych
Olivia Rodrigo 595K drivers license
100%
The Weeknd 389K Blinding Lights
80%
Dua Lipa, DaBaby 297K Levitating
80%
The Neighbourhood 279K Sweater Weather
80%
Tate McRae 242K you broke me first
80%
The Neighbourhood 198K Daddy Issues
60%
Shawn Mendes, Justin Bieber 199K Monster
60%
Miley Cyrus, Dua Lipa 294K Prisoner
60%
Billie Eilish 234K Therefore I Am
60%
Harry Styles 213K Watermelon Sugar
60%
24kGoldn, iann dior 337K Mood
40%
Ariana Grande 229K positions
40%
Robin Schulz, KIDDO 260K All We Got
20%
Ava Max 208K My Head & My Heart
20%
MEDUZA, Dermot Kennedy 331K Paradise
20%
SAINt JHN, Imanbek 211K Roses
20%
The Weeknd 542K Save Your Tears
20%
Doja Cat 346K Streets
20%
Tiesto 445K The Business
20%
Dua Lipa 233K We're Good
20%
The Kid LAROI 202K WITHOUT YOU
20%
Masked Wolf 185K Astronaut In The Ocean
0%
Alok, Ilkay Sencan, Tove Lo 249K Don't Say Goodbye
0%
Joel Corry, MNEK 238K Head & Heart
0%
Ofenbach, Quarterhead, Norma Jean Martine 212K Head Shoulders Knees & Toes
0%
Purple Disco Machine, Sophie and the Giants 190K Hipnotized
0%
Internet Money, Gunna, Don Toliver, NAV 192K Lemonade
0%
ElyOtto 183K SugarCrash!
0%
CJ 198K Whoopty
0%
Arctic Monkeys 181K Why'd You Only Call Me When You're High?
0%
Nie znaleziono quizów pasujących do podanych kryteriów
Rozkład punktacji
Procent ludzi z każdym wynikiem
Percentyl według liczby udzielonych odpowiedzi
Twoja historia wyników
Nie rozwiązałeś tego quizu